Military misfortunes : (Record no. 7002)

MARC details
000 -LEADER
fixed length control field 00892nam a22002532 4500
001 - CONTROL NUMBER
control field 0000005325
005 - DATE AND TIME OF LATEST TRANSACTION
control field 20151217152001.0
008 - FIXED-LENGTH DATA ELEMENTS--GENERAL INFORMATION
fixed length control field 070611s xx 000 0 eng d
020 ## - INTERNATIONAL STANDARD BOOK NUMBER
International Standard Book Number 0679732969 :
Terms of availability USD 14.00
040 ## - CATALOGING SOURCE
Original cataloging agency KABU
Transcribing agency KABU
050 #0 - LIBRARY OF CONGRESS CALL NUMBER
Classification number U42
Item number .C64
100 1# - MAIN ENTRY--PERSONAL NAME
Personal name Cohen, Eliot A.
-- 0000156558
245 10 - TITLE STATEMENT
Title Military misfortunes :
Remainder of title the anatomy of failure in war /
Statement of responsibility, etc. Eliot A. Cohen, John Gooch.
260 ## - PUBLICATION, DISTRIBUTION, ETC. (IMPRINT)
Place of publication, distribution, etc. New York :
Name of publisher, distributor, etc. Vintage Books,
Date of publication, distribution, etc. 1991.
300 ## - PHYSICAL DESCRIPTION
Extent x, 296 p. :
Other physical details ill. ;
Dimensions 21 cm.
504 ## - BIBLIOGRAPHY, ETC. NOTE
Bibliography, etc Includes bibliographical references and index.
650 #0 - SUBJECT ADDED ENTRY--TOPICAL TERM
Topical term or geographic name as entry element Military art and science
General subdivision History
Chronological subdivision 20th century.
-- 0000156559
650 #0 - SUBJECT ADDED ENTRY--TOPICAL TERM
Topical term or geographic name as entry element Military history, Modern
Chronological subdivision 20th century.
-- 0000156560
700 1# - ADDED ENTRY--PERSONAL NAME
Personal name Gooch, John.
-- 0000156561
908 ## - PUT COMMAND PARAMETER (RLIN)
Put command parameter 070611
950 ## - LOCAL HOLDINGS (RLIN)
-- 1
Holdings
Withdrawn status Lost status Source of classification or shelving scheme Not for loan Home library Current library Date acquired Total Checkouts Full call number Barcode Date last seen Date last checked out Price effective from Koha item type
    Library of Congress Classification   Kabarak, Main Campus Kabarak, Main Campus 17/12/2015 1 U42 .C64 009575 16/06/2016 25/05/2016 17/12/2015 General Collection
    Library of Congress Classification   Kabarak, Main Campus Kabarak, Main Campus 17/12/2015   U42 .C64 009576 17/12/2015   17/12/2015 General Collection
    Library of Congress Classification   Kabarak, Main Campus Kabarak, Main Campus 17/12/2015   U42 .C64 009574 17/12/2015   17/12/2015 General Collection
Designed with assistance from East African Informatics Ltd